书目信息 |
| 题名: |
农村气象科普活动策划与实践
|
|
| 作者: | 康雯瑛 , 刘波 主编 | |
| 分册: | ||
| 出版信息: | 北京 气象出版社 2020.10 |
|
| 页数: | 173页 | |
| 开本: | 23cm | |
| 丛书名: | ||
| 单 册: | ||
| 中图分类: | S16 | |
| 科图分类: | ||
| 主题词: | 农业气象--nong ye qi xiang--科学普及--工作--概况--中国 | |
| 电子资源: | ||
| ISBN: | 978-7-5029-7280-6 | |
| 000 | 00935nam0 2200253 450 | |
| 001 | CAL 0120203136866 | |
| 005 | 20230217093113.0 | |
| 010 | @a978-7-5029-7280-6@dCNY68.00 | |
| 100 | @a20210201d2020 em y0chiy0120 ea | |
| 101 | 0 | @achi |
| 102 | @aCN@b110000 | |
| 105 | @aa a 000yy | |
| 106 | @ar | |
| 200 | 1 | @a农村气象科普活动策划与实践@Anong cun qi xiang ke pu huo dong ce hua yu shi jian@f主编康雯瑛, 刘波 |
| 210 | @a北京@c气象出版社@d2020.10 | |
| 215 | @a173页@c彩图@d23cm | |
| 320 | @a有书目 (第147页) | |
| 330 | @a本书全面介绍了我国农村科普、农村气象科普的发展历程, 科普与农村科普活动的概念, 农村气象科普活动的策划与实施方式, 以及近十年农村气象科普活动的策划、示范案例、现场实施等。 | |
| 606 | 0 | @a农业气象@Anong ye qi xiang@x科学普及@x工作@x概况@y中国 |
| 690 | @aS16@v5 | |
| 701 | 0 | @a康雯瑛@Akang wen ying@4主编 |
| 701 | 0 | @a刘波@Aliu bo@4主编 |
| 801 | 0 | @aCN@bBJXHZP@c20230228 |
| 905 | @b1395278-81@dS16@e146@f4 | |
| 农村气象科普活动策划与实践/主编康雯瑛, 刘波.-北京:气象出版社,2020.10 |
| 173页:彩图;23cm |
| ISBN 978-7-5029-7280-6:CNY68.00 |
| 本书全面介绍了我国农村科普、农村气象科普的发展历程, 科普与农村科普活动的概念, 农村气象科普活动的策划与实施方式, 以及近十年农村气象科普活动的策划、示范案例、现场实施等。 |
| ● |
| 相关链接 |
|
|
|
|
正题名:农村气象科普活动策划与实践
索取号:S16/146
 
预约/预借
| 序号 | 登录号 | 条形码 | 馆藏地/架位号 | 状态 | 备注 |
| 1 | 1395278 | 213952784 | 第二样本阅览室/ [索取号:S16/146] | 在馆 | |
| 2 | 1395279 | 213952793 | 第三借阅区/ [索取号:S16/146] | 在馆 | |
| 3 | 1395280 | 213952800 | 第三借阅区/ [索取号:S16/146] | 在馆 | |
| 4 | 1395281 | 213952819 | 第三借阅区/ [索取号:S16/146] | 在馆 |